Interacció '06 [Objecte] : [Bloc de notes en blanc] [Bloc de notes en blanc]
Descripción Física:
30 cm
MARC
| LEADER | 00000nam a2200000Ia 4500 | ||
|---|---|---|---|
| 001 | 21061 | ||
| 008 | 160829s2006 xx 000 0 cat d | ||
| 080 | |a NBM-2-4 | ||
| 245 | |a Interacció '06 [Objecte] : |b [Bloc de notes en blanc] | ||
| 260 | |a Barcelona : |b Diputació de Barcelona, |c 2006 | ||
| 300 | |a 30 cm | ||
| 590 | |a Bloc de notes en DIN A4 | ||
| 710 | 1 | |a Barcelona (Catalunya : Província). |b Diputació |9 52408 | |
| 901 | |a Arxiu | ||
| 942 | |n 1 | ||
| 952 | |0 0 |1 0 |4 0 |6 NBM24 |7 1 |9 51157 |a Arxiu |b Arxiu |d 2016-12-01 |l 0 |o NBM-2-4 |p 21061 |r 2016-12-01 00:00:00 |w 2016-12-01 |y ARXIU | ||
| 999 | |c 55000 |d 55000 | ||